Sports Quiz

Random Sports or Football Quiz

Perfect NFL Passer Rating Quiz Stats

 Plays Quiz Updated Oct 6, 2019

Score 0/73 Timer 10:00
3 Plays Today
Team Quarterback % Correct
New England PatriotsTom Brady
96.6%
New England PatriotsTom Brady
96.6%
Indianapolis ColltsPeyton Manning
95.5%
Indianapolis ColtsPeyton Manning
95.5%
Indianapolis ColtsPeyton Manning
95.5%
Indianapolis ColtsPeyton Manning
95.5%
New York GiantsEli Manning
95.4%
Dallas CowboysDak Prescott
94%
Seattle SeahawksRussell Wilson
91.7%
New Orleans SaintsDrew Brees
90.6%
Pittsburgh SteelersBen Roethlisberger
90%
Baltimore RavensLamar Jackson
88.3%
Pittsburgh SteelersBen Roethlisberger
88.2%
Pittsburgh SteelersBen Roethlisberger
88.2%
Pittsburgh SteelersBen Roethlisberger
88.2%
Los Angeles RamsJared Goff
87.8%
Houston TexansDeshaun Watson
87.6%
Kansas City ChiefsAlex Smith
86.7%
St. Louis RamsKurt Warner
86.4%
St. Louis RamsKurt Warner
86.4%
Arizona CardinalsKurt Warner
86.4%
Washington RedskinsKirk Cousins
86%
New York JetsGeno Smith
85.9%
Philadelphia EaglesDonovan McNabb
80.4%
San Francisco 49ersJoe Montana
80.2%
Miami DolphinsRyan Tannehill
76.1%
Tennessee TitansMarcus Mariota
75.4%
San Francisco 49ersSteve Young
74.8%
Philadelphia EaglesNick Foles
74.3%
Washington RedskinsRobert Griffin III
72.1%
New England PatriotsDrew Bledsoe
65.9%
Pittsburgh SteelersTerry Bradshaw
61.4%
Baltimore ColtsJohnny Unitas
56.6%
New York JetsJoe Namath
53.4%
San Diego ChargersDan Fouts
50.7%
New York JetsChad Pennington
50%
Kansas City ChiefsTrent Green
48%
Team Quarterback % Correct
New York GiantsKerry Collins
47.2%
Miami DolphinsBob Griese
42.6%
Cincinnati BengalsKen Anderson
38%
Cleveland BrownsOtto Graham
38%
New York GiantsY.A. Tittle
36.4%
Kansas City ChiefsLen Dawson
32.1%
New York GiantsFran Tarkenton
31.8%
Seattle SeahawksDave Krieg
31.7%
Detroit LionsDave Krieg
31.7%
New York JetsKen O'Brien
30.5%
New York JetsKen O'Brien
30.5%
Buffalo BillsDoug Flutie
30%
New England PatriotsSteve Grogan
26.3%
Houston OilersChris Chandler
26.2%
Cleveland BrownsBrian Sipe
26.1%
Dallas CowboysCraig Morton
23.5%
Denver BroncosCraig Morton
23.5%
Atlanta FalconsSteve Bartkowski
23%
Washington RedskinsSonny Jurgensen
22.5%
Oakland RaidersDaryle Lamonica
21.3%
Atlanta FalconsBobby Hebert
20.4%
Dallas CowboysDon Meredith
20%
St. Louis CardinalsJim Hart
19.3%
Cleveland BrownsFrank Ryan
18.5%
Minnesota VikingsRich Gannon
17%
Cincinnati BengalsJeff Blake
16.9%
Cleveland BrownsMilt Plum
11.4%
Chicago BearsVince Evans
6.4%
Los Angeles RamsJames Harris
5.9%
Atlanta FalconsBob Lee
3.9%
Tampa Bay BuccaneersCraig Erickson
2.8%
Atlanta FalconsScott Hunter
1.9%
Atlanta FalconsDick Shiner
1.7%
Cleveland BrownsGeorge Ratterman
1.6%
New Orleans SaintsMike Buck
1.4%
Chicago CardinalsM.C. Reynolds
1.3%

You're not logged in!

Compare scores with friends on all Sporcle quizzes.
OR
Log In

Sporcle TV

Today on Sporcle TV


Watch our educational content, quiz creation guides, and fun videos on Sporcle TV.

Show Comments

Extras

Top Quizzes Today


Score Distribution

Your Account Isn't Verified!

In order to create a playlist on Sporcle, you need to verify the email address you used during registration. Go to your Sporcle Settings to finish the process.

Report this User

Report this user for behavior that violates our Community Guidelines.

Details: